Managing Workforce 2000 Gaining the Diversity Advantage

Guardado en:
Detalles Bibliográficos
Autor principal: Jamieson, David
Otros Autores: O'Mara, Julie
Formato: Libro
Lenguaje:inglés
Publicado: San Francisco Jossey-Bass Publ. 1991
Edición:1. ed.
Materias:
Etiquetas: Agregar Etiqueta
Sin Etiquetas, Sea el primero en etiquetar este registro!

MARC

LEADER 00000nam a2200000 4500
001 c018999
005 20221206114749.2
020 |a 1-55542-264-0 
041 0 |a eng 
044 |a US 
245 1 0 |a Managing Workforce 2000  |b Gaining the Diversity Advantage  |c David Jamieson, Julie O'Mara 
250 |a 1. ed. 
264 1 |a San Francisco  |b Jossey-Bass Publ.  |c 1991 
300 |a 241 s. 
610 2 0 |a manažment 
610 2 0 |a manažment personálny 
610 2 0 |a činiteľ ľudský 
610 2 0 |a zdroje ľudské 
610 2 0 |a pracovníci 
610 2 0 |a zamestnanci 
610 2 0 |a vzťahy medziľudské 
610 2 0 |a vzťahy pracovné 
610 2 0 |a politika personálna 
610 2 0 |a ženy 
610 2 0 |a starostlivosť o pracovníkov 
610 2 0 |a spolupracovníci 
610 2 0 |a riadenie sociálne 
100 1 |a Jamieson, David 
700 1 |a O'Mara, Julie